[Event "6679-TOP20 (2005-2006)"]
[Site "Loire"]
[Date "2005.12.10"]
[Round "4.3"]
[White "Gaillard, Pierre"]
[Black "Guevorkian, Spartak"]
[Result "0-1"]
[WhiteElo "1830"]
[BlackElo "1699"]
[PlyCount "64"]
[EventDate "2005.??.??"]

1. e4 e6 2. d4 c5 3. Nf3 cxd4 4. Nxd4 Nc6 5. Bc4 Bc5 6. Be3 Qb6 7. Nf5 exf5 8.
Bxf7+ Kf8 9. Qd5 Bxe3 10. Bxg8 Qa5+ 11. Qxa5 Nxa5 12. fxe3 Kxg8 13. exf5 Nc4
14. O-O Kf7 15. e4 Nxb2 16. Nc3 Nc4 17. Rfd1 a6 18. Rd5 Na3 19. Rd2 b5 20. Rf1
Re8 21. Re1 Ra7 22. g4 Rc7 23. Nd5 Rxc2 24. Rd3 Nc4 25. h4 Rxa2 26. g5 Rd2 27.
g6+ hxg6 28. fxg6+ Kg8 29. Rxd2 Nxd2 30. Rc1 Nc4 31. Kf2 Bb7 32. Rd1 Bxd5 0-1

[Event "6679-TOP20 (2005-2006)"]
[Site "Loire"]
[Date "2005.12.10"]
[Round "4.4"]
[White "Deville, Olivier"]
[Black "Garon, Pierre"]
[Result "0-1"]
[WhiteElo "2055"]
[BlackElo "1949"]
[PlyCount "76"]
[EventDate "2005.??.??"]

1. d4 d5 2. Nf3 Nf6 3. c4 e6 4. Nc3 Be7 5. e3 O-O 6. Qc2 Nbd7 7. b3 c6 8. Be2
b6 9. O-O Bb7 10. Rd1 Qc7 11. e4 dxe4 12. Ng5 Rad8 13. Ngxe4 Nxe4 14. Nxe4 Nf6
15. Bg5 Nxe4 16. Bxe7 Qxe7 17. Qxe4 Rd7 18. Bd3 g6 19. Qf4 Rfd8 20. Bc2 Kg7 21.
h4 Qf6 22. Qxf6+ Kxf6 23. Kf1 Rxd4 24. g3 Rxd1+ 25. Rxd1 Rxd1+ 26. Bxd1 c5 27.
Ke2 Ke5 28. Ke3 h6 29. Bc2 Kf6 30. f4 e5 31. fxe5+ Kxe5 32. Bd3 g5 33. hxg5
hxg5 34. a4 f5 35. Be2 f4+ 36. gxf4+ gxf4+ 37. Kd3 Be4+ 38. Kc3 Bg2 0-1

[Event "6679-TOP20 (2005-2006)"]
[Site "Loire"]
[Date "2005.12.10"]
[Round "4.5"]
[White "Massard, Christian"]
[Black "Poncet, Alain"]
[Result "0-1"]
[WhiteElo "1960"]
[BlackElo "1942"]
[PlyCount "50"]
[EventDate "2005.??.??"]

1. g3 e5 2. c4 Bc5 3. Bg2 Ne7 4. Nc3 a6 5. Nf3 Nbc6 6. O-O d6 7. e3 Bg4 8. a3
O-O 9. d3 Qd7 10. b4 Ba7 11. Qc2 Rae8 12. Bb2 Qf5 13. Nd2 Qg6 14. Nd5 Nxd5 15.
Bxd5 Nd8 16. Rac1 c6 17. Bf3 f5 18. b5 f4 19. exf4 Bxf3 20. Nxf3 exf4 21. Rce1
Rxe1 22. Rxe1 fxg3 23. hxg3 Qxg3+ 24. Kf1 Qxf3 25. d4 Qh1+ 0-1

[Event "6679-TOP20 (2005-2006)"]
[Site "Loire"]
[Date "2005.12.10"]
[Round "4.6"]
[White "Valet, Godeffroy"]
[Black "Roche, Marius"]
[Result "1-0"]
[WhiteElo "2010"]
[BlackElo "1692"]
[PlyCount "83"]
[EventDate "2005.??.??"]

1. e4 g6 2. Nf3 Bg7 3. d4 d6 4. Bc4 Nd7 5. O-O Nb6 6. Bb3 e6 7. Be3 Ne7 8. Nbd2
a5 9. c3 O-O 10. Qe2 Nd7 11. Rad1 d5 12. e5 b6 13. Ne1 c5 14. Bc2 Nf5 15. Bxf5
gxf5 16. Nd3 Ba6 17. Nf3 Qe8 18. Nh4 Kh8 19. f4 cxd4 20. cxd4 a4 21. Rf3 Rg8
22. Rh3 f6 23. Qc2 Bf8 24. exf6 Bxd3 25. Rxd3 Nxf6 26. Qc7 b5 27. Qe5 Bg7 28.
Qxe6 Rf8 29. Qxf5 Bh6 30. Qe5 Kg8 31. Rg3+ Kh8 32. Nf5 Qxe5 33. dxe5 Ne4 34.
Nxh6 Nxg3 35. hxg3 Rac8 36. Rxd5 Kg7 37. f5 Rfd8 38. Rxb5 Rc2 39. Rb7+ Kf8 40.
Rxh7 Re2 41. Rh8+ Ke7 42. Bg5+ 1-0

[Event "6679-TOP20 (2005-2006)"]
[Site "Loire"]
[Date "2005.12.10"]
[Round "4.7"]
[White "Pupier, Terry"]
[Black "Desassis, Jean-Francois"]
[Result "0-1"]
[WhiteElo "1990"]
[BlackElo "1600"]
[PlyCount "104"]
[EventDate "2005.??.??"]

1. e4 c5 2. Nf3 Nc6 3. Bb5 g6 4. Bxc6 bxc6 5. O-O Bg7 6. Nc3 d6 7. d3 Qb6 8.
Re1 Be6 9. Ne2 Nf6 10. Ng3 c4 11. d4 O-O 12. h3 Ne8 13. c3 d5 14. e5 Bd7 15.
Qc2 Nc7 16. Be3 f5 17. Qc1 Ne6 18. Ng5 f4 19. Nxe6 fxe3 20. Nxf8 exf2+ 21. Kxf2
Rxf8+ 22. Kg1 c5 23. Qd2 cxd4 24. cxd4 Bb5 25. Kh2 h5 26. Rf1 Rxf1 27. Nxf1 Kh7
28. Ne3 Bh6 29. Qc3 Bf4+ 30. g3 Bh6 31. Nxd5 Qe6 32. Ne3 Bd7 33. g4 Bf4+ 34.
Kg2 Qc6+ 35. d5 Qc5 36. Re1 hxg4 37. Qxc4 gxh3+ 38. Kf3 Bxe3 39. Qxc5 Bxc5 40.
e6 Bb5 41. Rh1 Bd6 42. Rxh3+ Kg7 43. Ke4 Bf1 44. Rc3 Bg2+ 45. Kd4 g5 46. a3 $11
g4 47. a4 Kf6 48. Rc8 g3 49. Rf8+ Kg7 50. Rf7+ Kg8 51. Rf8+ Kg7 52. Rf7+ Kg6
0-1

[Event "6679-TOP20 (2005-2006)"]
[Site "Loire"]
[Date "2005.12.10"]
[Round "4.8"]
[White "Petit, Didier"]
[Black "Bruel, Bruno"]
[Result "1-0"]
[WhiteElo "1957"]
[BlackElo "1860"]
[PlyCount "147"]
[EventDate "2005.??.??"]

1. d4 d5 2. Nf3 Nf6 3. Bf4 Bf5 4. e3 e6 5. Bd3 Bxd3 6. Qxd3 Be7 7. O-O O-O 8.
Nbd2 Nbd7 9. Rad1 c5 10. c4 cxd4 11. exd4 dxc4 12. Nxc4 Nb6 13. b3 Nbd5 14. Bd2
Rc8 15. a3 Qc7 16. Rc1 Qb8 17. b4 Rfd8 18. Nce5 Bd6 19. Qe2 Nd7 20. Nxf7 Rxc1
21. Rxc1 Re8 22. Nxd6 Qxd6 23. Re1 N5b6 24. h3 a6 25. Qd3 Nf6 26. Qb3 Nbd5 27.
a4 b5 28. axb5 axb5 29. Qd3 Qb6 30. Rc1 Qa6 31. Ne5 Qa4 32. Qb1 Qa6 33. Rc6 Qb7
34. Qc2 Qa8 35. Kh2 Qb8 36. g3 Qb7 37. Rc5 Nd7 38. Nxd7 Qxd7 39. Qe4 Kh8 40.
Qe5 Kg8 41. Qe2 Rb8 42. Be1 Kh8 43. f4 Ne7 44. Qe5 Rb7 45. Bc3 Nd5 46. g4 h6
47. f5 Nc7 48. f6 Na6 49. fxg7+ Kg8 50. Qf6 Qd6+ 51. Re5 Rf7 52. Qxh6 Rxg7 53.
Qxe6+ Qxe6 54. Rxe6 Nc7 55. Rc6 Re7 56. g5 Nd5 57. Rc5 Re2+ 58. Kg1 Ne3 59.
Rxb5 Rc2 60. Be1 Rc1 61. Kf2 Nc2 62. Re5 Nxd4 63. h4 Rb1 64. Bc3 Nc6 65. Rc5
Nxb4 66. Bxb4 Rxb4 67. Kg3 Kg7 68. Rc6 Rb3+ 69. Kg4 Rb4+ 70. Kh5 Rb5 71. Rc7+
Kg8 72. Kh6 Rb6+ 73. g6 Rb8 74. h5 1-0

[Event "6679-TOP20 (2005-2006)"]
[Site "Loire"]
[Date "2005.12.10"]
[Round "4.9"]
[White "Carrot, Patrick"]
[Black "Vier, Serge"]
[Result "1/2-1/2"]
[WhiteElo "1870"]
[BlackElo "1670"]
[PlyCount "54"]
[EventDate "2005.??.??"]

1. e4 e6 2. d4 d5 3. Nc3 dxe4 4. Nxe4 Bd7 5. Nf3 Bc6 6. Bd3 Nd7 7. O-O Ngf6 8.
Qe2 Bxe4 9. Bxe4 Nxe4 10. Qxe4 c6 11. Bg5 Be7 12. Bxe7 Qxe7 13. Rfe1 Nf6 14.
Qe2 O-O 15. Rad1 Rfd8 16. Qc4 Rac8 17. c3 Qd6 18. Rd2 Qd5 19. Qa4 Qd7 20. Ne5
Qc7 21. Red1 a6 22. Qc2 Kf8 23. Re1 c5 24. dxc5 Rxd2 25. Qxd2 Qxc5 26. Qg5 Qd5
27. a3 Rd8 1/2-1/2

[Event "6679-TOP20 (2005-2006)"]
[Site "Loire"]
[Date "2006.02.11"]
[Round "5.1"]
[White "Cursoux, Gerard"]
[Black "Garon, Pierre"]
[Result "0-1"]
[WhiteElo "2160"]
[BlackElo "1949"]
[PlyCount "82"]
[EventDate "2006.??.??"]

1. e4 Nf6 2. e5 Nd5 3. d4 d6 4. Nf3 Bg4 5. Bc4 e6 6. O-O dxe5 7. dxe5 c6 8. Qe2
Nd7 9. Re1 Qc7 10. Nbd2 Be7 11. Bb3 h5 12. a4 Nf4 13. Qc4 Ng6 14. Qe4 O-O 15.
h3 Bf5 16. Qe2 h4 17. Nf1 a6 18. Bc4 b5 19. Bd3 Bxd3 20. cxd3 c5 21. Bd2 Rfc8
22. N1h2 Qc6 23. Ng4 Qd5 24. Rec1 Nb6 25. axb5 axb5 26. Be3 Nd7 27. d4 c4 28.
Qd2 Nb6 29. Bg5 Qd8 30. Bxe7 Qxe7 31. Ra5 Qd7 32. Rxa8 Rxa8 33. Qg5 Qd8 34. Qh5
Nd5 35. Ng5 Ngf4 36. Qh7+ Kf8 37. Nh6 Qxg5 38. Qg8+ Ke7 39. Qxf7+ Kd8 40. Ng4
Ne2+ 41. Kh2 Qxc1 0-1

[Event "6679-TOP20 (2005-2006)"]
[Site "Loire"]
[Date "2006.02.11"]
[Round "5.2"]
[White "Guevorkian, Spartak"]
[Black "Barnes, Pierrick"]
[Result "1/2-1/2"]
[WhiteElo "1940"]
[BlackElo "1864"]
[PlyCount "134"]
[EventDate "2006.??.??"]

1. d4 Nf6 2. Nf3 e6 3. Bf4 b6 4. e3 Bb7 5. a3 d5 6. c4 Be7 7. h3 Nbd7 8. Nbd2
O-O 9. Qc2 c5 10. dxc5 Nxc5 11. Be2 Rc8 12. Rd1 Qe8 13. Qb1 dxc4 14. Nxc4 Be4
15. Qa1 Nb3 16. Qa2 Bc2 17. Nd6 Bxd6 18. Bxd6 Qa4 19. Bxf8 Kxf8 20. O-O Bxd1
21. Bxd1 Nc1 22. Qxe6 fxe6 23. Bxa4 Nd3 24. b4 Rc3 25. Ra1 a6 26. Nd4 e5 27.
Ne2 Rc7 28. f3 Nd5 29. e4 Nc3 30. Nxc3 Rxc3 31. Bd1 b5 32. Be2 Nf4 33. Bf1 Rb3
34. Ra2 Ke7 35. Kf2 Ne6 36. Ke2 Nd4+ 37. Kd2 Rb1 38. Bd3 Rg1 39. Ke3 Re1+ 40.
Kf2 Rd1 41. Be2 Rh1 42. Kg3 Nxe2+ 43. Rxe2 Ra1 44. Re3 Ra2 45. Rc3 Kd6 46. h4
h5 47. Kh3 Ra1 48. g3 g6 49. f4 Re1 50. fxe5+ Kd7 51. Rd3+ Ke7 52. Rd6 Kf7 53.
Rxa6 Rxe4 54. Ra5 Re3 55. Rxb5 Rxa3 56. Rb8 Re3 57. Rb5 Re2 58. Rc5 Rb2 59. b5
Ke7 60. Rd5 Kf7 61. Rd7+ Kf8 62. Rb7 Re2 63. Rb6 Rxe5 64. Rxg6 Rxb5 65. Rg5
Rxg5 66. hxg5 Kg7 67. Kh4 Kg6 1/2-1/2

[Event "6679-TOP20 (2005-2006)"]
[Site "Loire"]
[Date "2006.02.11"]
[Round "5.3"]
[White "Poncet, Alain"]
[Black "Graillon, David"]
[Result "1/2-1/2"]
[WhiteElo "1930"]
[BlackElo "1940"]
[PlyCount "137"]
[EventDate "2006.??.??"]

1. d4 d5 2. c4 c6 3. Nc3 Nf6 4. cxd5 cxd5 5. Bf4 Nc6 6. e3 e6 7. a3 Qa5 8. Bd3
a6 9. Nf3 Be7 10. O-O b5 11. Ne5 Bb7 12. Nxc6 Bxc6 13. b4 Qb6 14. Qe2 Ne4 15.
Rfc1 g5 16. Be5 f6 17. Bg3 Nxg3 18. hxg3 h5 19. Bg6+ Kd7 20. e4 dxe4 21. Bxe4
Bxe4 22. Nxe4 h4 23. Nc5+ Bxc5 24. dxc5 Qc7 25. Rd1+ Ke7 26. Rd6 e5 27. Qg4 Qc8
28. Qxc8 Raxc8 29. g4 Rhd8 30. Rxa6 Ra8 31. Rb6 Rab8 32. Rxb8 Rxb8 33. Rd1 Ra8
34. Rd3 Ke6 35. Rd6+ Ke7 36. Rb6 Rxa3 37. Rxb5 Ke6 38. Rb6+ Ke7 39. Rb7+ Kd8
40. c6 Ra1+ 41. Kh2 Rb1 42. b5 Kc8 43. Rf7 Rxb5 44. Rxf6 Rb4 45. f3 e4 46. Re6
exf3 47. gxf3 Rb5 48. Rg6 Kc7 49. Kh3 Rc5 50. Rf6 Rd5 51. f4 Rd3+ 52. Kh2 gxf4
53. Rxf4 Rg3 54. Rc4 Re3 55. g5 Rg3 56. Rc5 Re3 57. Rc2 Re8 58. Kh3 Rh8 59. g6
Rg8 60. Rg2 Kxc6 61. Kxh4 Kd6 62. Kg5 Ke7 63. Rf2 Rh8 64. Rf7+ Ke8 65. g7 Rh5+
66. Kg6 Rg5+ 67. Kf6 Rf5+ 68. Kg6 Rg5+ 69. Kf6 1/2-1/2

[Event "6679-TOP20 (2005-2006)"]
[Site "Loire"]
[Date "2006.02.11"]
[Round "5.4"]
[White "Petit, Didier"]
[Black "Cizeron, Frederic"]
[Result "1-0"]
[WhiteElo "1941"]
[BlackElo "2115"]
[PlyCount "112"]
[EventDate "2006.??.??"]

1. c4 c6 2. Nc3 d5 3. cxd5 cxd5 4. Nf3 Nc6 5. d4 Nf6 6. a3 Bf5 7. e3 e6 8. Bd3
Bxd3 9. Qxd3 Bd6 10. e4 dxe4 11. Nxe4 Nxe4 12. Qxe4 Qa5+ 13. Bd2 Qd5 14. Qg4
O-O-O 15. Rc1 h5 16. Qg5 Qxg5 17. Nxg5 Rd7 18. Be3 Bc7 19. O-O Bb6 20. d5 Rxd5
21. Bxb6 axb6 22. h4 Rd7 23. b4 Kb8 24. Rfd1 Rhd8 25. Rxd7 Rxd7 26. Rc3 Nd4 27.
Kh2 f6 28. Ne4 Nf5 29. g3 Rd4 30. f3 Nd6 31. Nxd6 Rxd6 32. g4 hxg4 33. fxg4 Rc6
34. Re3 Kc7 35. Rd3 Rd6 36. Rc3+ Kd7 37. Kg3 e5 38. Kf3 Ke6 39. h5 Rc6 40. Rd3
Rc4 41. Rd8 Rc3+ 42. Ke4 Rxa3 43. Re8+ Kd6 44. Rg8 Rb3 45. Rxg7 Rxb4+ 46. Kf3
Ra4 47. h6 Ra3+ 48. Ke4 Rh3 49. h7 Kc6 50. Kf5 b5 51. Kxf6 e4 52. Re7 Kd6 53.
Rxb7 e3 54. Rxb5 Rxh7 55. g5 Rh1 56. Rb2 Rf1+ 1-0

[Event "6679-TOP20 (2005-2006)"]
[Site "Loire"]
[Date "2006.02.11"]
[Round "5.6"]
[White "Massard, Christian"]
[Black "Valet, Godeffroy"]
[Result "1/2-1/2"]
[WhiteElo "1910"]
[BlackElo "2010"]
[PlyCount "86"]
[EventDate "2006.??.??"]

1. d4 Nf6 2. c4 e6 3. Nc3 Bb4 4. Bd2 Nc6 5. Nf3 d6 6. g3 Bxc3 7. Bxc3 Qe7 8.
Bg2 Ne4 9. Qc2 Nxc3 10. Qxc3 e5 11. dxe5 Nxe5 12. Nxe5 dxe5 13. O-O O-O 14.
Rad1 c6 15. Rd2 f6 16. Rfd1 Bf5 17. c5 Rfd8 18. b4 Kf7 19. Kf1 Bg4 20. Rd6 Rxd6
21. Rxd6 Rd8 22. Rd2 Rd4 23. e3 Rxd2 24. Qxd2 Qe6 25. f3 Qc4+ 26. Kf2 Be6 27.
a3 Qb3 28. Qc1 Qa2+ 29. Kg1 Qe2 30. f4 exf4 31. exf4 Qd3 32. Kf2 Qd4+ 33. Qe3
Qb2+ 34. Kg1 h6 35. h3 Bb3 36. Qd3 Qc1+ 37. Kf2 Qb2+ 38. Kg1 Qc1+ 39. Kf2 Qc2+
40. Qxc2 Bxc2 41. Ke3 f5 42. h4 Ke6 43. Kd4 Bd1 1/2-1/2

[Event "6679-TOP20 (2005-2006)"]
[Site "Loire"]
[Date "2006.02.11"]
[Round "5.7"]
[White "Vier, Serge"]
[Black "Deville, Olivier"]
[Result "1-0"]
[WhiteElo "1670"]
[BlackElo "2058"]
[PlyCount "67"]
[EventDate "2006.??.??"]

1. d4 d5 2. c4 c6 3. Nc3 e6 4. Nf3 dxc4 5. a4 Bb4 6. e3 b5 7. Bd2 a5 8. axb5
Bxc3 9. Bxc3 cxb5 10. Qd2 Nc6 11. d5 Nge7 12. dxc6 Qxd2+ 13. Nxd2 O-O 14. Rxa5
Rxa5 15. Bxa5 Nxc6 16. Bc3 e5 17. Nf3 f6 18. Be2 Be6 19. O-O b4 20. Bd2 Ra8 21.
Rc1 c3 22. bxc3 b3 23. Bd3 b2 24. Rb1 Ra1 25. c4 f5 26. Ne1 e4 27. Bc2 Bxc4 28.
Rxb2 Ne5 29. Rb1 Ra2 30. Bc3 Nd3 31. Bxd3 Bxd3 32. Nxd3 exd3 33. Rd1 Rc2 34.
Be1 1-0

[Event "6679-TOP20 (2005-2006)"]
[Site "Loire"]
[Date "2006.02.11"]
[Round "5.8"]
[White "Bruel, Bruno"]
[Black "Carrot, Patrick"]
[Result "1-0"]
[WhiteElo "1880"]
[BlackElo "1770"]
[PlyCount "79"]
[EventDate "2006.??.??"]

1. d4 d5 2. c4 c6 3. Nf3 Nf6 4. Nc3 h6 5. Bf4 Nbd7 6. e3 e6 7. Bd3 dxc4 8. Bxc4
Nb6 9. Bd3 Nbd5 10. Bg3 Bb4 11. Qc2 Qa5 12. Rc1 Qxa2 13. O-O Nxc3 14. Ra1 Ne2+
15. Qxe2 Qd5 16. e4 Qd8 17. d5 cxd5 18. exd5 Nxd5 19. Qe4 Be7 20. Rfd1 Bd7 21.
Ne5 a6 22. Kh1 Rc8 23. f4 Bb5 24. Bc2 Qb6 25. Bb3 Qe3 26. Bxd5 Qxe4 27. Bxe4
O-O 28. Bxb7 Rc2 29. Bxa6 Rxb2 30. Bxb5 Rxb5 31. Rd7 Rfb8 32. h4 Bf6 33. Raa7
Bxe5 34. fxe5 Rf8 35. Rdc7 Rb4 36. Kh2 Re4 37. Kh3 h5 38. Ra5 Kh7 39. Raa7 Kg6
40. Rd7 1-0

[Event "6679-TOP20 (2005-2006)"]
[Site "Loire"]
[Date "????.??.??"]
[Round "6.1"]
[White "Garon, Pierre"]
[Black "Guevorkian, Spartak"]
[Result "0-1"]
[WhiteElo "1949"]
[BlackElo "1940"]
[PlyCount "58"]

1. d4 e6 2. Nf3 Nf6 3. Bg5 Be7 4. Nbd2 d5 5. e3 c5 6. c3 c4 7. Be2 Nbd7 8. Qc2
b5 9. O-O Bb7 10. Ne5 Nxe5 11. dxe5 Nd7 12. Bxe7 Qxe7 13. f4 O-O 14. a3 Qc5 15.
Rf3 Qb6 16. Rh3 g6 17. Qc1 Nc5 18. Nf3 Nb3 19. Qd1 Nxa1 20. Qxa1 Qxe3+ 21. Kf1
Qxf4 22. Qe1 f6 23. Kg1 fxe5 24. Bd1 e4 25. Nd4 Rf6 26. Rh4 Qc1 27. Ne2 Qxb2
28. a4 Raf8 29. axb5 Qd2 0-1

[Event "6679-TOP20 (2005-2006)"]
[Site "Loire"]
[Date "????.??.??"]
[Round "6.2"]
[White "Barnes, Pierrick"]
[Black "Cursoux, Gerard"]
[Result "0-1"]
[WhiteElo "1864"]
[BlackElo "2160"]
[PlyCount "92"]

1. d4 Nf6 2. c4 c5 3. d5 b5 4. cxb5 a6 5. bxa6 Bxa6 6. Nc3 g6 7. g3 Bg7 8. Bg2
d6 9. Nf3 Nbd7 10. O-O O-O 11. h3 Nb6 12. Re1 Nfd7 13. e4 Nc4 14. Qc2 Nde5 15.
b3 Nxf3+ 16. Bxf3 Qa5 17. bxc4 Bxc3 18. Bh6 Bxa1 19. Rxa1 Rfb8 20. a3 Qb6 21.
Re1 f6 22. Bg4 Qb3 23. Be6+ Kh8 24. Qe2 Bxc4 25. Qg4 Rxa3 26. h4 Qf3 27. Qxf3
Rxf3 28. Be3 Bd3 29. Bg4 Bxe4 30. Bxc5 dxc5 31. Rxe4 f5 32. Bxf3 fxe4 33. Bxe4
Rb2 34. Kf1 c4 35. Ke1 Kg7 36. f4 c3 37. Kd1 Rd2+ 38. Kc1 Rd4 39. Bh1 Rd3 40.
g4 Rg3 41. Kc2 Rxg4 42. Kxc3 Rxh4 43. Bg2 Rxf4 44. Kd3 Kf6 45. Ke3 Ke5 46. Bh3
Rd4 0-1

[Event "6679-TOP20 (2005-2006)"]
[Site "Loire"]
[Date "????.??.??"]
[Round "6.3"]
[White "Graillon, David"]
[Black "Petit, Didier"]
[Result "1-0"]
[WhiteElo "1940"]
[BlackElo "1941"]
[PlyCount "63"]

1. c4 e5 2. g3 Nc6 3. Bg2 Nf6 4. b3 g6 5. Bb2 Bg7 6. Bxc6 bxc6 7. Bxe5 Bb7 8.
Nf3 O-O 9. O-O d6 10. Bb2 Qd7 11. Bxf6 Bxf6 12. d4 c5 13. e3 cxd4 14. Nbd2 dxe3
15. fxe3 Bxa1 16. Qxa1 Qe7 17. Qd4 Rfe8 18. Re1 f6 19. Kf2 a6 20. e4 h6 21. g4
Kh7 22. h4 Qg7 23. Qd3 Re7 24. h5 g5 25. Nd4 Re5 26. N2f3 Rae8 27. Nxe5 Rxe5
28. Nf3 Re6 29. e5+ Kg8 30. exd6 Rxd6 31. Re8+ Kf7 32. Qe2 1-0

[Event "6679-TOP20 (2005-2006)"]
[Site "Loire"]
[Date "????.??.??"]
[Round "6.4"]
[White "Desassis, Jean-Francois"]
[Black "Poncet, Alain"]
[Result "0-1"]
[WhiteElo "1680"]
[BlackElo "1930"]
[PlyCount "70"]

1. d4 Nf6 2. Nf3 e6 3. Bg5 h6 4. Bh4 d5 5. e3 Be7 6. Nbd2 Nbd7 7. Bd3 c5 8. c4
cxd4 9. exd4 dxc4 10. Nxc4 Nd5 11. Nd6+ Kf8 12. Bg3 N7f6 13. Nxc8 Rxc8 14. a3
Nh5 15. O-O Nxg3 16. fxg3 Bf6 17. Ne5 Bxe5 18. dxe5 Ne3 19. Rxf7+ Kxf7 20. Qf3+
Ke7 21. Qxe3 Rc6 22. Qe4 Qb6+ 23. Kh1 Qxb2 24. Rf1 Rc1 25. h4 Rxf1+ 26. Bxf1
Rc8 27. Kh2 Rc5 28. Qg6 Qxe5 29. Qb1 b6 30. Qb4 Kf6 31. Qd2 Rd5 32. Qb4 Rd4 33.
Qf8+ Kg6 34. Qe8+ Kh7 35. h5 Rh4+ 0-1

[Event "6679-TOP20 (2005-2006)"]
[Site "Loire"]
[Date "????.??.??"]
[Round "6.5"]
[White "Cizeron, Frederic"]
[Black "Valet, Godeffroy"]
[Result "1-0"]
[WhiteElo "2115"]
[BlackElo "2010"]
[PlyCount "37"]

1. f4 e6 2. Nf3 Nf6 3. e3 d5 4. d4 c5 5. c3 Nc6 6. Bd3 Bd7 7. Nbd2 cxd4 8. exd4
Bd6 9. Ne5 Ne7 10. O-O Qb6 11. Qe2 Bc6 12. Re1 Ng6 13. Bxg6 fxg6 14. Nxg6 hxg6
15. Qxe6+ Kf8 16. Qxd6+ Kg8 17. Re7 Rd8 18. Qe6+ Kh7 19. Qxf6 1-0

[Event "6679-TOP20 (2005-2006)"]
[Site "Loire"]
[Date "????.??.??"]
[Round "6.6"]
[White "Bruel, Bruno"]
[Black "Massard, Christian"]
[Result "0-1"]
[WhiteElo "1880"]
[BlackElo "1910"]
[PlyCount "62"]

1. d4 Nf6 2. c4 g6 3. Nc3 Bg7 4. e3 d6 5. Nf3 O-O 6. Be2 e5 7. O-O Nc6 8. d5
Ne7 9. b4 Ne8 10. Nd2 f5 11. c5 Nf6 12. f3 f4 13. Nc4 Ne8 14. Ba3 Rf7 15. Qb3
g5 16. cxd6 cxd6 17. b5 Ng6 18. Bb4 h5 19. Qd1 Bf8 20. a4 Nf6 21. Ba5 b6 22.
Bb4 g4 23. a5 g3 24. axb6 Ne8 25. h3 Qh4 26. Bd3 Bxh3 27. gxh3 Qxh3 28. Ra2 Nh4
29. b7 Rxb7 30. Re2 Rg7 31. Qc2 g2 0-1

[Event "6679-TOP20 (2005-2006)"]
[Site "Loire"]
[Date "????.??.??"]
[Round "6.7"]
[White "Deville, Olivier"]
[Black "Carrot, Patrick"]
[Result "1/2-1/2"]
[WhiteElo "2058"]
[BlackElo "1770"]
[PlyCount "124"]

1. e4 c5 2. Nf3 d6 3. d4 cxd4 4. Nxd4 Nf6 5. Nc3 a6 6. f3 e6 7. g4 Be7 8. g5
Nfd7 9. h4 Nc6 10. Be3 h6 11. Rg1 hxg5 12. hxg5 Nde5 13. f4 Ng6 14. Qd2 Nxd4
15. Bxd4 e5 16. Be3 exf4 17. Bxf4 Nxf4 18. Qxf4 Rh5 19. g6 Bh4+ 20. Kd1 Qf6 21.
gxf7+ Qxf7 22. Qxf7+ Kxf7 23. Bc4+ Kf8 24. Ke2 Bf6 25. Raf1 Ke8 26. Nd5 Rxd5
27. Bxd5 Bxb2 28. Kd3 Bd7 29. Rb1 Be5 30. Rxb7 Rc8 31. c4 a5 32. Rgb1 a4 33. a3
Bf6 34. Ra7 Be5 35. Rbb7 Rd8 36. Kc2 Bd4 37. Bf7+ Ke7 38. Bh5 Bxa7 39. Rxa7 Kf6
40. Kd3 g5 41. Bd1 Ke5 42. Bxa4 Bxa4 43. Rxa4 Kf4 44. Ra5 g4 45. Rf5+ Kg3 46.
a4 Kg2 47. Rd5 Ra8 48. Rxd6 Rxa4 49. Rg6 g3 50. e5 Kf2 51. Kd4 g2 52. Kd5 Ra3
53. Rxg2+ Kxg2 54. e6 Kf3 55. c5 Kf4 56. c6 Kf5 57. e7 Ra8 58. Kd6 Kf6 59. Kd7
Kf7 60. c7 Re8 61. c8=R Rxc8 62. Kxc8 Kxe7 1/2-1/2

[Event "6679-TOP20 (2005-2006)"]
[Site "Loire"]
[Date "2006.04.15"]
[Round "7.1"]
[White "Cursoux, Gerard"]
[Black "Guevorkian, Spartak"]
[Result "1-0"]
[WhiteElo "2160"]
[BlackElo "1940"]
[PlyCount "51"]
[EventDate "2006.??.??"]

1. e4 d6 2. d4 Nf6 3. Nc3 Nbd7 4. Bc4 e5 5. Nf3 Be7 6. O-O O-O 7. Re1 Re8 8.
Bxf7+ Kxf7 9. Ng5+ Kg8 10. Ne6 exd4 11. Nxd8 dxc3 12. Ne6 cxb2 13. Bxb2 Bd8 14.
Nxd8 Rxd8 15. e5 Nxe5 16. Bxe5 Bg4 17. f3 dxe5 18. Qb1 Bc8 19. Rxe5 b6 20. Qb3+
Kh8 21. Re7 Nd5 22. Qxd5 Ba6 23. Rae1 h6 24. Qf7 Rg8 25. R1e6 Kh7 26. Qg6+ 1-0

[Event "6679-TOP20 (2005-2006)"]
[Site "Loire"]
[Date "2006.04.15"]
[Round "7.2"]
[White "Garon, Pierre"]
[Black "Graillon, David"]
[Result "0-1"]
[WhiteElo "1965"]
[BlackElo "1920"]
[PlyCount "50"]
[EventDate "2006.??.??"]

1. d4 d5 2. Nf3 c5 3. c3 Nc6 4. e3 Nf6 5. Nbd2 g6 6. Bd3 Bg7 7. O-O O-O 8. dxc5
a5 9. h3 Nd7 10. e4 Nxc5 11. Bc2 e6 12. exd5 exd5 13. Nb3 Ne4 14. Be3 f5 15.
Nbd4 f4 16. Bc1 Nxd4 17. Nxd4 Bxd4 18. Qxd4 Qg5 19. Kh2 Be6 20. Bxe4 dxe4 21.
c4 e3 22. fxe3 Qg3+ 23. Kg1 f3 24. Rf2 Bxh3 25. b3 Rad8 0-1

[Event "6679-TOP20 (2005-2006)"]
[Site "Loire"]
[Date "2006.04.15"]
[Round "7.3"]
[White "Poncet, Alain"]
[Black "Barnes, Pierrick"]
[Result "0-1"]
[WhiteElo "1919"]
[BlackElo "1893"]
[PlyCount "66"]
[EventDate "2006.??.??"]

1. e4 c6 2. d4 d5 3. exd5 cxd5 4. Bd3 Nf6 5. Ne2 Nc6 6. c3 e6 7. O-O Be7 8. Bf4
Qb6 9. b3 O-O 10. Nd2 Re8 11. Nf3 Nd7 12. Re1 Bf6 13. Ng3 g6 14. h4 Qd8 15. Bg5
Bxg5 16. Nxg5 e5 17. dxe5 Ndxe5 18. Bc2 h6 19. f4 hxg5 20. fxe5 gxh4 21. Nh5
Rxe5 22. Rxe5 Nxe5 23. Qxd5 Qxd5 24. Nf6+ Kg7 25. Nxd5 Bd7 26. Re1 Nc6 27. Re3
Re8 28. Kf2 Ne5 29. Bd1 f6 30. Nf4 Kf7 31. Be2 Bg4 32. Bd3 g5 33. Ne2 Nxd3+ 0-1

[Event "6679-TOP20 (2005-2006)"]
[Site "Loire"]
[Date "2006.04.15"]
[Round "7.4"]
[White "Cizeron, Frederic"]
[Black "Desassis, Jean-Francois"]
[Result "1-0"]
[WhiteElo "2094"]
[BlackElo "1680"]
[PlyCount "27"]
[EventDate "2006.??.??"]

1. d4 d5 2. Nf3 Nf6 3. c4 dxc4 4. Nc3 c6 5. a4 g6 6. e4 Bg7 7. Bxc4 O-O 8. O-O
Qc7 9. e5 Nh5 10. h3 Bh8 11. Bh6 Ng7 12. Ng5 e6 13. Nce4 Qe7 14. Nf6+ 1-0

[Event "6679-TOP20 (2005-2006)"]
[Site "Loire"]
[Date "2006.04.15"]
[Round "7.5"]
[White "Massard, Christian"]
[Black "Petit, Didier"]
[Result "1-0"]
[WhiteElo "1910"]
[BlackElo "1955"]
[PlyCount "139"]
[EventDate "2006.??.??"]

1. Nf3 Nf6 2. b3 d5 3. Bb2 Bf5 4. e3 e6 5. Be2 Be7 6. O-O O-O 7. d3 c5 8. Nh4
Bg6 9. Nxg6 hxg6 10. Nd2 Nc6 11. Nf3 Rc8 12. Ne5 Bd6 13. Nxc6 Rxc6 14. f4 Bb8
15. Qe1 d4 16. Bf3 Rc7 17. exd4 cxd4 18. Rc1 a6 19. Kh1 Qd7 20. Qd2 Rfc8 21.
Rf2 Ba7 22. Re2 Qd6 23. g3 Bc5 24. Qa5 b5 25. a3 Nd5 26. Re4 Nc3 27. Bxc3 dxc3
28. a4 Ba3 29. Rce1 b4 30. Qe5 Qb6 31. Qd4 Qb8 32. Qe5 Qa7 33. Qd4 Qb8 34. Qe3
Rd8 35. Rd4 Rxd4 36. Qxd4 Ra7 37. Kg2 Qc7 38. Re5 a5 39. Rc5 Qe7 40. Rc8+ Kh7
41. Bc6 Rc7 42. Re8 Qf6 43. Qd6 Rxc6 44. Qxc6 Qd4 45. Qe4 Qd7 46. Qa8 g5 47.
Rh8+ Kg6 48. Qe4+ f5 49. Qc4 Bc1 50. fxg5 Bxg5 51. Rc8 Bf6 52. Rc7 Qd8 53. Qc6
e5 54. Rd7 Qh8 55. Qe6 Qa8+ 56. Qd5 Qc8 57. Rd6 Qe8 58. Re6 Qb8 59. Ra6 Qc7 60.
Rxa5 Qb6 61. Rc5 Qb8 62. a5 Qa7 63. Qc6 Kh7 64. Qc8 Kh6 65. Qc7 Qa8+ 66. Qc6
Qb8 67. a6 Qa7 68. Rxe5 Qd4 69. Rxf5 Qd8 70. a7 1-0

[Event "6679-TOP20 (2005-2006)"]
[Site "Loire"]
[Date "2006.04.15"]
[Round "7.6"]
[White "Valet, Godeffroy"]
[Black "Vier, Serge"]
[Result "1-0"]
[WhiteElo "2021"]
[BlackElo "1710"]
[PlyCount "51"]
[EventDate "2006.??.??"]

1. e4 e6 2. d4 d5 3. Nc3 dxe4 4. Nxe4 Bd7 5. Nf3 Bc6 6. Bd3 Nd7 7. O-O Ngf6 8.
Qe2 Be7 9. Bf4 Nxe4 10. Bxe4 Bxe4 11. Qxe4 c6 12. c4 Nf6 13. Qe2 O-O 14. Rad1
Qa5 15. b3 Rad8 16. Rd3 Rfe8 17. Ne5 c5 18. dxc5 Qxc5 19. b4 Qc8 20. Rg3 g6 21.
Qf3 Nd7 22. Ng4 Nf6 23. Nh6+ Kf8 24. Be5 Qc6 25. Bxf6 Bxf6 26. Qxf6 1-0

[Event "6679-TOP20 (2005-2006)"]
[Site "Loire"]
[Date "2006.04.15"]
[Round "7.7"]
[White "Deville, Olivier"]
[Black "Bruel, Bruno"]
[Result "1-0"]
[WhiteElo "2035"]
[BlackElo "1880"]
[PlyCount "41"]
[EventDate "2006.??.??"]

1. e4 c5 2. Nf3 d6 3. d4 cxd4 4. Nxd4 Nf6 5. Nc3 a6 6. f3 e6 7. Be3 Be7 8. Qd2
Bd7 9. g4 b5 10. O-O-O Nc6 11. Nxc6 Bxc6 12. Kb1 O-O 13. h4 g6 14. h5 b4 15.
Ne2 a5 16. Ng3 Qc7 17. g5 Nd7 18. Qh2 Rfc8 19. hxg6 Nf8 20. gxf7+ Kh8 21. g6
1-0